00408nam a2200145Ia 450000500170000000800410001702000150005808200130007310000160008624500510010225000080015326000420016130000120020350000470021520250623014424.0240331s9999 xx 000 0 und d a9558596469 bOBEa323 aObesekara,M 0aSri Lankawe deshapalanaya saha kula abhiyogaya a2nd aJa elabSuttani book publishersc2007 a99 p ., aPolitics and caste challenges in Sri Lanka